LIBRARY & INFORMATION CENTRE, KCAET, TAVANUR

ONLINE PUBLIC ACCESS CATALOGUE (OPAC)

Sur-Panchratn / (Record no. 8293)

MARC details
000 -LEADER
fixed length control field 00472cam a2200193ua 4500
041 ## - LANGUAGE CODE
Language code of text/sound track or separate title hin
082 ## - DEWEY DECIMAL CLASSIFICATION NUMBER
Classification number 891.54
Item number BHA/SU
100 ## - MAIN ENTRY--AUTHOR NAME
Personal name Bhagavandin, L .
245 ## - TITLE STATEMENT
Title Sur-Panchratn /
250 ## - EDITION STATEMENT
Edition statement 1 /
260 ## - PUBLICATION, DISTRIBUTION, ETC. (IMPRINT)
Place of publication Ilahabad :
Name of publisher Ram Narayan Lal Beni Madhav ,
Year of publication 1961.
300 ## - PHYSICAL DESCRIPTION
Number of Pages 246 ; .
700 1# - ADDED ENTRY--PERSONAL NAME
Personal name Mohanvallabh, Pant .
942 ## - ADDED ENTRY ELEMENTS (KOHA)
Koha item type Books
Holdings
Withdrawn status Lost status Damaged status Home library Current library Date acquired Full call number Accession Number Koha item type
Withdrawn     KAUAET Sanskrit University 07/04/2012 891.54 2790 Books
free website counter